| 000 | 00358nam a2200121Ia 4500 | ||
|---|---|---|---|
| 008 | 231129s9999||||xx |||||||||||||| ||spa|| | ||
| 020 | _a0-13-470914-4 | ||
| 082 | _aCAA-004 | ||
| 100 | _aDufey Gunter | ||
| 245 | 4 | _aThe international Money Market | |
| 264 | _aUnited States of America : Prentice-Hall | ||
| 942 |
_2ddc _cBKS |
||
| 999 |
_c25356 _d25356 |
||